| 000 | 00660nam a22001337a 4500 | ||
|---|---|---|---|
| 040 | _cRUA | ||
| 082 | _aAGR HEA 2004 B029 Or.1 | ||
| 100 | _aHEANG SOPHAL | ||
| 245 | _aEffect of hill spacing on radish yield at royal university of agriculture's crop station,(ឥទ្ធិពលចន្លោះគុម្ពទៅលើទិន្នផលដំណាំឆៃដាវនៅស្ថានីយ៍សាកលវិទ្យាល័យភូមិន្ទកសិកម្ម) | ||
| 260 |
_aphnom penh _bRUA _c2004 |
||
| 300 |
_a43p. _cill. |
||
| 856 | _uhttps://drive.google.com/file/d/10fa7SoOaZqsitGV8DIVBf7r2QeTYCvy8/view?usp=sharing | ||
| 942 | _cAGR | ||
| 999 |
_c589 _d589 |
||